000 00311nam a22001457a 4500
008 210428b ||||| |||| 00| 0 eng d
020 _a3785705336
041 _aeng
080 _a902
082 _a902
100 _a45
101 _aARKEO
245 _aDie andere Offenbarung
_cRolf Beyer
942 _2udc
_cBK
999 _c56872
_d56872